001900000a220007300045001000032000002450027000323000043000597730014001021 aCaballero, Antonio (1945- )10aLos peligros de la paz aVol. 18, Núm 18 (1993), Páginas 820 tCambio 16